000 00906nam a22002537a 4500
003 DO-SdBNP
005 20210820101153.0
008 161031b 2013 dr a | 00| 0 spa d
020 _a9789945408751
040 _aBPMSU
_bspa
_cBPMSU
082 _a926.1
_bP592P 2013
_222
100 1 _aPimentel Muñoz, José
_d1965-
245 1 0 _aRafael Pichardo :
_bcardiólogo, investigador y maestro /
_cJosé Pimentel Muñoz
260 _aSanto Domingo :
_bArgos,
_c2013.
300 _a199 p. :
_bil. ;
_c24 cm.
500 _aIncluye datos biográficos del autor en la solapa de la cubierta
500 _aIncluye referencias bibliográficas y notas a pie de las páginas.
590 _6Inventariado, 2021/VM
600 1 _aPichardo, Rafael
_d1941-
_cCardiólogo
650 4 _aInvestigación de enfermedades cardíacas.
_6
910 _aVMateo V.
942 _2ddc
_cBK
945 _aInventariado, 2021/VM
999 _c12647
_d12647